Süper Lig 2025/26 - Statystyki

Ogólne statystyki
  • Ten quiz został rozwiązany 36 razy
  • Średni wynik to 9 z 18
Statystyki odpowiedzi
Drużyna % Poprawnych
Galatasaray
97%
Fenerbahçe
87%
Beşiktaş
84%
Antalyaspor
68%
Trabzonspor
68%
Alanyaspor
58%
Konyaspor
58%
Başakşehir
55%
Samsunspor
55%
Göztepe
48%
Fatih Karagümrük
39%
Gaziantep
39%
Kasımpaşa
35%
Rizespor
35%
Eyüpspor
29%
Kocaelispor
29%
Kayserispor
26%
Gençlerbirliği
23%
Nie znaleziono quizów pasujących do podanych kryteriów
Rozkład punktacji
Procent ludzi z każdym wynikiem
Percentyl według liczby udzielonych odpowiedzi
Twoja historia wyników
Nie rozwiązałeś tego quizu